Akta Syarikat 1965 (Akta 125) : (hingga 5hb Mei 2003)

Bibliographic Details
Corporate Author: MALAYSIA
Format: Book
Published: Petaling Jaya, Selangor : International Law Book Services , 2003
Series:Undang-undang Malaysia
Subjects:

MARC

LEADER 00000cam a2200000 7i4500
001 0000002868
005 20040204.0
020 0 0 |a 9678912589 
090 0 0 |a 346.595066   |b MAL 2003 
110 1 0 |a MALAYSIA 
245 1 0 |a Akta Syarikat 1965 (Akta 125) : (hingga 5hb Mei 2003)   |c disusun oleh Lembaga Penyelidikan Undang-undang 
260 0 0 |a Petaling Jaya, Selangor :   |b International Law Book Services ,   |c 2003 
300 |a xx, 396 p. ;   |c 24 cm. 
440 0 0 |a Undang-undang Malaysia 
650 0 0 |a Commercial law   |z Malaysia 
650 0 0 |a Corporation law   |z Malaysia 
998 |a JPSM 
999 |a 0000005149   |b Monograph   |c Open Shelf   |e Default branch